[Event "Regionalliga NO 9697"]
[Site "Bayern"]
[Date "1996.??.??"]
[Round "?"]
[White "Muehlbauer, Wolfgang"]
[Black "Macht, Manfred"]
[Result "0-1"]
[WhiteElo "1955"]
[BlackElo "1970"]
[PlyCount "60"]
[EventDate "1996.10.??"]
[EventType "team-tourn"]
[EventRounds "9"]
[EventCountry "GER"]
[SourceTitle "EXT 1999"]
[Source "ChessBase"]
[SourceDate "1998.11.16"]
[SourceVersion "1"]
[SourceVersionDate "1998.11.16"]
[SourceQuality "1"]
[WhiteTeam "Koetzting"]
[BlackTeam "Furth im Wald"]
[WhiteTeamCountry "GER"]
[BlackTeamCountry "GER"]

1. c4 c6 2. Nc3 d5 3. d4 Nf6 4. Bf4 dxc4 5. a4 Nd5 6. Bxb8 Nxc3 7. bxc3 Rxb8 8. e3 Qd5 9. Qe2 Bf5 10. Qxc4 e6 11. Nf3 Bd6 12. Be2 0-0 13. 0-0 Be4 14. Qxd5 cxd5 15. Nd2 Bg6 16. c4 Bb4 17. Ra2 Bxd2 18. Rxd2 dxc4 19. Bxc4 Rbc8 20. Bd3 Bxd3 21. Rxd3 Rc4 22. Ra3 Rfc8 23. g3 Rb4 24. Kg2 Rc2 25. h4 h6 26. Kh3 Rbb2 27. f3 f5 28. g4 g5 29. gxf5 Rh2+ 30. Kg4 Rbg2+ 0-1

[Event "Regionalliga NO 9495"]
[Site "Bayern"]
[Date "1995.??.??"]
[Round "?.7"]
[White "Kammer, Thomas"]
[Black "Macht, Manfred"]
[Result "1-0"]
[WhiteElo "1970"]
[BlackElo "1980"]
[PlyCount "51"]
[EventDate "1994.10.??"]
[EventType "team-tourn"]
[EventRounds "9"]
[EventCountry "GER"]
[SourceTitle "EXT 1999"]
[Source "ChessBase"]
[SourceDate "1998.11.16"]
[SourceVersion "1"]
[SourceVersionDate "1998.11.16"]
[SourceQuality "1"]
[WhiteTeam "Regensburg DJK II"]
[BlackTeam "Furth im Wald"]
[WhiteTeamCountry "GER"]
[BlackTeamCountry "GER"]

1. e4 c5 2. Nf3 d6 3. d4 cxd4 4. Nxd4 Nf6 5. Nc3 a6 6. Bc4 e6 7. Bb3 Nc6 8. Be3 Be7 9. Qe2 Bd7 10. 0-0-0 0-0 11. g4 Na5 12. g5 Nxb3+ 13. axb3 Ne8 14. Rhg1 b5 15. Qh5 g6 16. Qh6 Ng7 17. Rg3 e5 18. Nd5 Nh5 19. Nf5 Bxf5 20. exf5 Re8 21. Nxe7+ Rxe7 22. Rh3 Qf8 23. Qxf8+ Kxf8 24. Rxd6 Ke8 25. Bc5 Rd7 26. Re3 1-0

[Event "Regionalliga NO 9495"]
[Site "Bayern"]
[Date "1994.??.??"]
[Round "?.7"]
[White "Kirbach, Thomas"]
[Black "Macht, Manfred"]
[Result "0-1"]
[WhiteElo "1885"]
[BlackElo "1980"]
[PlyCount "86"]
[EventDate "1994.10.??"]
[EventType "team-tourn"]
[EventRounds "9"]
[EventCountry "GER"]
[SourceTitle "EXT 1999"]
[Source "ChessBase"]
[SourceDate "1998.11.16"]
[SourceVersion "1"]
[SourceVersionDate "1998.11.16"]
[SourceQuality "1"]
[WhiteTeam "Fuerth SF"]
[BlackTeam "Furth im Wald"]
[WhiteTeamCountry "GER"]
[BlackTeamCountry "GER"]

1. d4 d5 2. c4 c6 3. Nc3 Nf6 4. Nf3 dxc4 5. e4 e6 6. Bxc4 Be7 7. Bg5 0-0 8. 0-0 h6 9. Bh4 Re8 10. Rc1 Nxe4 11. Bxe7 Nxc3 12. Bxd8 Nxd1 13. Rfxd1 Rxd8 14. Ne5 Nd7 15. Nxd7 Bxd7 16. Kf1 Kf8 17. Rc3 Be8 18. Ke2 Rd6 19. f4 Rad8 20. Rcd3 f6 21. Ke3 Bg6 22. R3d2 Bh5 23. Be2 Bxe2 24. Kxe2 Kf7 25. Ke3 e5 26. f5 Rxd4 27. Rxd4 Rxd4 28. Rxd4 exd4+ 29. Kxd4 Ke7 30. a4 Kd6 31. b4 b6 32. g4 c5+ 33. bxc5+ bxc5+ 34. Kc4 a6 35. Kc3 Kd5 36. Kd3 c4+ 37. Kc3 Kc5 38. h3 a5 39. h4 Kd5 40. Kc2 Kd4 41. Kd2 c3+ 42. Kc2 Kc4 43. h5 Kb4 0-1

[Event "Regionalliga NO 9495"]
[Site "Bayern"]
[Date "1994.??.??"]
[Round "?.6"]
[White "Quist, Sven Roy"]
[Black "Macht, Manfred"]
[Result "1-0"]
[WhiteElo "1960"]
[BlackElo "1980"]
[PlyCount "171"]
[EventDate "1994.10.??"]
[EventType "team-tourn"]
[EventRounds "9"]
[EventCountry "GER"]
[SourceTitle "EXT 1999"]
[Source "ChessBase"]
[SourceDate "1998.11.16"]
[SourceVersion "1"]
[SourceVersionDate "1998.11.16"]
[SourceQuality "1"]
[WhiteTeam "Kelheim II"]
[BlackTeam "Furth im Wald"]
[WhiteTeamCountry "GER"]
[BlackTeamCountry "GER"]

1. e4 c5 2. Nf3 d6 3. d4 cxd4 4. Nxd4 Nf6 5. Nc3 Nc6 6. Bg5 e6 7. Qd2 Be7 8. 0-0-0 0-0 9. f4 a6 10. Be2 Qc7 11. Bf3 Rd8 12. Rhe1 Bd7 13. Nb3 Ne8 14. Bxe7 Nxe7 15. g4 Bc6 16. Qe3 Rac8 17. f5 b5 18. a3 e5 19. g5 a5 20. f6 Ng6 21. Bg4 Bd7 22. Bxd7 Rxd7 23. Rd2 Rb8 24. Nd5 Qa7 25. Qg3 a4 26. Na1 Nc7 27. Nb4 Na6 28. Nc6 Qb6 29. Nxb8 Qxb8 30. fxg7 Nc5 31. Qc3 Qb7 32. Qb4 Nf4 33. h4 Qc6 34. Kb1 Kxg7 35. Qc3 Rc7 36. Qf3 Qb6 37. c3 Qc6 38. Nc2 Nb3 39. Rdd1 Na5 40. Ne3 Rd7 41. Nf5+ Kh8 42. Ne3 Kg7 43. Nd5 Nxd5 44. Rxd5 Kg8 45. h5 Qc4 46. Qd3 Qxd3+ 47. Rxd3 Nc4 48. Rd5 Rb7 49. h6 Kf8 50. Re2 Ke7 51. Rf2 Kf8 52. Rf3 Kg8 53. Rf6 Rb6 54. Ka2 Kf8 55. b3 axb3+ 56. Kxb3 Na5+ 57. Kc2 Nc4 58. Kd3 Nb2+ 59. Kc2 Nc4 60. Kb3 Na5+ 61. Ka2 Nc4 62. Rf3 Kg8 63. Rd1 Ra6 64. Kb3 Ra4 65. Rd5 Ra8 66. Kb4 Rc8 67. Rxb5 Nd2 68. Rd3 Nxe4 69. a4 Kf8 70. a5 Ke7 71. Rb7+ Ke6 72. Re3 Nc5 73. Rb6 Kd5 74. Rf3 Nd7 75. Rb7 Kc6 76. Rxd7 Rb8+ 77. Kc4 Kxd7 78. Rxf7+ Kc6 79. Rxh7 d5+ 80. Kd3 e4+ 81. Ke3 Rf8 82. a6 Rf3+ 83. Kd2 Rf2+ 84. Ke1 Ra2 85. Rg7 Kc5 86. h7 1-0